| 000 | 00000nam##2200000za#4500 |
| 001 | 9.674005 |
| 003 | CaOODSP |
| 005 | 20210615132012 |
| 007 | ta |
| 008 | 150407|2014||||xxc||||| f|0| 0 eng|d |
| 020 | |a978-1-100-54842-5 |
| 040 | |aCaOODSP|beng |
| 041 | |aeng |
| 041 | |afre |
| 043 | |an-cn--- |
| 086 | 1 |aFA1-2014/2-0 |
| 110 | 1 |aCanada. |bOffice of the Auditor General. |
| 245 | 10|aReport of the Auditor General of Canada. Appendix : |bcosts of Crown Corporation audits |
| 260 | |aOttawa - Ontario : |bOffice of the Auditor General of Canada |cFall 2014. |
| 300 | |aEnglish text, 3p. : |btables ; |c28 cm. |
| 563 | |aSoftcover |
| 590 | |a15-03|b2015-01-16 |
| 792 | |tRapport de la vérificatrice générale du Canada. Annexe : |efre|w(CaOODSP)9.674006 |